Artists That Have Worked with The Lonely Island - Statistics

General Stats
  • This quiz has been taken 12 times
    11 since last reset
  • The average score is 10 of 37
Answer Stats
Artist % Correct
Adam Levine
88%
Akon
88%
Justin Timberlake
88%
Kendrick Lamar
75%
Lady Gaga
75%
Nicki Minaj
63%
Rihanna
63%
Michael Bolton
50%
Natalie Portman
50%
T-Pain
50%
Julian Casablancas
38%
Seth Rogen
38%
Jack Black
25%
Linkin Park
25%
Pharrell Williams
25%
Pink
25%
Snoop Dogg
25%
Beck
13%
Chris Parnell
13%
Emma Stone
13%
Hugh Jackman
13%
John Waters
13%
Kenan Thompson
13%
Maya Rudolph
13%
Norah Jones
13%
Santigold
13%
Solange
13%
Chris Redd
0%
DJ Frank E
0%
E-40
0%
Haim
0%
Joe Armstrong
0%
Krisen Wiig
0%
Seal
0%
Sia
0%
Tegan and Sara
0%
Too Short
0%
No matching quizzes found
Score Distribution
Percent of People with Each Score
Percentile by Number Answered
Your Score History
You have not taken this quiz since the last reset